Štatistické zprávy

Guardado en:
Detalles Bibliográficos
Formato: Seriadas
Lenguaje:eslovaco
Publicado: Bratislava Slovenský štatistický úrad 1959
Etiquetas: Agregar Etiqueta
Sin Etiquetas, Sea el primero en etiquetar este registro!

MARC

LEADER 00000nas2a2200000$$$4500
001 0009124
005 20041019155724.7
041 0 |a slo 
044 |a SK 
245 1 0 |a Štatistické zprávy 
264 1 |a Bratislava  |b Slovenský štatistický úrad  |c 1959 
300 |a 1 zv. 
773 0 |w eu_un_cat*0009115